000 00893nam a2200253 a 4500
003 CBULib
005 20250730131526.0
008 091218s1993 ||||||||||||||||| || u
040 _aCBULib
_bEnglish
_cCBULib
_dCBULib
_erda
050 _aPAPERS/STAFF/KOP
100 _aKashoki, Mubanga E
245 1 0 _aAchieving Nationhood through language: the challenge of Namibia
_c/by Kashoki,M.E.
260 _aKitwe
_bCopperbelt University
_c1993
300 _a(various pages)
336 _2rdacontent
_aText |
_btxt
337 _2rdamedia
_aUnmediated |
_bn
338 _2rdacarrier
_aVolume
_bnc
500 _aThis batch contains other papers by the same Author.
650 0 _94715
_aLINGUSTIC, CULTURAL AND EVEN RACIAL SENSE
650 0 _94716
_aLUAGUAGE POLICY
650 0 _94722
_aNATIONAL- BUILDING
942 _2mc
_c023
999 _c33400
_d33400